Formovanie subjektívnej zrelosti Predpoklady a súvislosti komunistickej výchovy

Bibliographic Details
Main Author: Ševc, Ján (Author)
Format: Article
Language:Slovak
Subjects:

MARC

LEADER 00000nab a2200000 a 4500
001 vtls000214287
003 SK-MaSNL
005 20260302203741.0
008 111130c1985 xo 0 slo
015 |a SNBRB19rr/mm-uuuuu 
035 |a CL0224401 
040 |a SNKBUCL  |b slo  |c SNKBUCL  |e AACR2 
041 0 |a slo 
044 |a xo  |c SK 
080 |a 37.01:141.82  |2 1981 
080 |a 141.82  |2 1981 
100 1 |a Ševc, Ján  |4 aut  |9 551132 
245 1 0 |a Formovanie subjektívnej zrelosti  |b Predpoklady a súvislosti komunistickej výchovy  |c Ján Ševc 
650 0 7 |a výchova komunistická  |2 snkbucl  |9 554740 
655 7 |a články z novín a časopisov  |2 snkbucl  |9 267496 
773 0 |t Nové slovo  |g Roč. 27, č. 22 (1985), s. 8 
850 |a Slovenská národná knižnica v Martine  |a MTA001 
852 |a SNK  |b KIS3GCP 
958 |a RK 
992 |a RBX 
999 |c 1470513  |d 1472443